2.Weltkrieg - Statistiken

Allgemein
  • Dieses Quiz wurde 737 mal gespielt
  • Das Durchschnittsergebnis liegt bei 8 aus 12
Antwortstatistiken
Fragen Antworten % Korrekt
Hitlers Partei NSDAP
95%
Wann trat die USA dem Krieg bei? 1941
86%
Die Anhänger welcher Religion wurden am meisten verfolgt? Judentum
84%
Wie hieß die Frau von Adolf Hitler? Eva Braun
83%
Größtes Konzentrationslager Auschwitz
77%
größter kommunistischer Staat Sowjetunion
75%
Wie hieß der Propagandaminister von Adolf Hitler? Paul Joseph Goebbels
72%
Wer war der Premierminister zur Zeit des 2.Weltkriegs? Winston Churchill
66%
Was war die häufigste Mordungsart in den Konzentrationslagern? die Vergasung
58%
Hitlers Geburtsort Braunau
51%
In welchem Hafen griffen die Japaner das erste amerikanische Schiff an? Pearl Harbor
50%
Welchen Beruf wollte Hitler eigentlich ergreifen? Kunstmaler
14%
Keine übereinstimmenden Quizze gefunden
Verteilung der Resultate
Anzahl Personen mit jedem Resultat
Perzentil nach korrekt beantworteten Fragen
Ihre Resultats-Entwicklung
Sie haben dieses Quiz noch nicht gespielt